LEADER 00459naa a2200133 i 4500 001 000000303613 003 CaOOAMICUS 005 20180831172803.0 008 180831n xx u000 u und u 013 $a11393 040 $aSeMil$bita 100 1 $aZani Minoja, Liliana.$0(OLS)http://semarc/name/85696 245 10$aPsico dinamiche relazionali e motivazionali :$bil lavoro. 996 $6245$aPsico dinamiche relazionali e motivazionali :$bil lavoro$9(OLS)http://semarc/title/379574 LEADER 01333nam a2200253 i 4500 001 000000335872 003 CaOOAMICUS 005 20190806173850.0 008 190806s1788 it u000 u lat u 013 $a180468 026 $au-me i-it ean- TuPa (3) 1788 (R) 040 $aSeMil$bita 100 1 $aGuadagnini, Giovanni Battista,$d<1723-1807>.$0(OLS)http://semarc/name/72905 245 10$aDe tollenda ecclesiastici calendari perenni instabilitate votum ac problema Ernesti Christiani Willmanni. 264 1$a[Pavia] :$bExcudebat, venia impetrata, Joseph Bolzanius r. Civitatis & imp. universit. typographus,$c1788. 264 1$aBrescia :$bpresso Pietro Vescovi,$c1798. 300 $a79, [1] p. ;$c8°. 700 1 $aBolzani, Giuseppe,$c.$0(OLS)http://semarc/name/12088 850 $aSeMil 852 $aSeMil$W1$xVenegono$y1$m3X III 10 FA$j215184$B227722$CSeMilBibl$Z2$F227722 $8I 996 $6245$aDe tollenda ecclesiastici calendari perenni instabilitate votum ac problema Ernesti Christiani Willmanni$9(OLS)http://semarc/title/425199 996 $6264$aBrescia :$bpresso Pietro Vescovi$9(OLS)http://semarc/publisher/51660 996 $6264$a[Pavia] :$bExcudebat, venia impetrata, Joseph Bolzanius r. Civitatis & imp. universit. typographus$9(OLS)http://semarc/publisher/58449 LEADER 01285nam a2200301 i 4500 001 000000217121 003 CaOOAMICUS 005 20121123000000.0 008 121123s2012 it u000 u ita u 013 $a196017 020 $a978-88-315-3926-5 040 $aSeMil$bita 100 1 $aLull, Ramón,$c.$0(OLS)http://semarc/name/1156 245 10$aLibro del gentile e dei tre savi /$cRaimondo Lullo ; introduzione e note di Sara Muzzi ; traduzione di Anna Baggiani. 260 $aMilano :$bPaoline,$c2012. 300 $a350 p. ;$c20 cm. 490 0 $aLetture cristiane del secondo millennio ;$v48 700 1 $aBaggiani Cases, Anna.$0(OLS)http://semarc/name/39426 700 1 $aMuzzi, Sara.$0(OLS)http://semarc/name/43064 830 0$aLetture cristiane del secondo millennio ;$v48.$0(OLS)http://semarc/title/7872 850 $aSeMil 852 $aSeMil$W1$xVenegono$y1$m2S VI 248$j167535$B167535$CSeMilBibl$Z2$F178322 $81 900 1 $aLullo, Raimondo. 961 $aAcquisto: San Paolo (Agente) 996 $6020$a978-88-315-3926-5$9(OLS)http://semarc/number/214345 996 $6245$aLibro del gentile e dei tre savi$9(OLS)http://semarc/title/312041 996 $6260$aMilano :$bPaoline$9(OLS)http://semarc/publisher/29684